[Event "Sundsvall op"]
[Site "Sundsvall"]
[Date "2020.01.05"]
[Round "6"]
[White "Heijdenberg, Ronny"]
[Black "Mollerstrom, Fredrik"]
[Result "0-1"]
[WhiteElo "1818"]
[BlackElo "1753"]
[PlyCount "62"]
[EventDate "2020.01.04"]
[EventType "swiss"]
[EventRounds "8"]
[EventCountry "SWE"]
[SourceTitle "EXT 2021"]
[Source "ChessBase"]
[SourceDate "2020.10.23"]
[SourceVersion "1"]
[SourceVersionDate "2020.10.23"]
[SourceQuality "1"]

1. e4 e6 2. d4 d5 3. Nd2 Nf6 4. e5 Nfd7 5. f4 c5 6. c3 Nc6 7. Ndf3 Be7 8. Bd3 f5 9. exf6 Nxf6 10. dxc5 Bxc5 11. Ne5 Qb6 12. Nh3 0-0 13. Qc2 Qc7 14. Nxc6 bxc6 15. Bd2 e5 16. Bf5 e4 17. Bxc8 Raxc8 18. 0-0-0 e3 19. Be1 Ne4 20. g3 a5 21. c4 Qb7 22. Bc3 Bb4 23. Bxb4 axb4 24. Ng5 Nxg5 25. fxg5 Rf2 26. Qb3 Qe7 27. cxd5 cxd5+ 28. Kb1 Qe4+ 29. Ka1 e2 30. Rxd5 Qxh1+ 31. Rd1+ Kh8 0-1

[Event "Sundsvall op"]
[Site "Sundsvall"]
[Date "2020.01.05"]
[Round "5"]
[White "Mollerstrom, Fredrik"]
[Black "Carlsson, Erik"]
[Result "0-1"]
[WhiteElo "1753"]
[BlackElo "2062"]
[PlyCount "60"]
[EventDate "2020.01.04"]
[EventType "swiss"]
[EventRounds "8"]
[EventCountry "SWE"]
[SourceTitle "EXT 2021"]
[Source "ChessBase"]
[SourceDate "2020.10.23"]
[SourceVersion "1"]
[SourceVersionDate "2020.10.23"]
[SourceQuality "1"]

1. d4 d6 2. e4 Nf6 3. Nc3 c6 4. Nf3 Bg4 5. Be2 e6 6. 0-0 Be7 7. h3 Bh5 8. Bf4 0-0 9. Qd2 d5 10. e5 Nfd7 11. Nd1 c5 12. c3 Nc6 13. a3 Rc8 14. g4 Bg6 15. Ne3 Na5 16. Rad1 Nb3 17. Qe1 Qb6 18. Bd3 cxd4 19. Bxg6 dxe3 20. Bxh7+ Kxh7 21. Bxe3 Qc7 22. Bf4 Qc4 23. Nd4 Bc5 24. Bh2 Nxd4 25. cxd4 Bxd4 26. Kg2 Bxb2 27. Rb1 Bxa3 28. Rxb7 Rc7 29. Qb1+ Kg8 30. Rb3 Be7 0-1